<?xml version="1.0" encoding="UTF-8"?>
<record
    xmlns:xsi="http://www.w3.org/2001/XMLSchema-instance"
    xsi:schemaLocation="http://www.loc.gov/MARC21/slim http://www.loc.gov/standards/marcxml/schema/MARC21slim.xsd"
    xmlns="http://www.loc.gov/MARC21/slim">

  <leader>00825nam a2200169   4500</leader>
  <controlfield tag="003">LK-CoMWRAF</controlfield>
  <controlfield tag="005">20231215215930.0</controlfield>
  <controlfield tag="008">231215b        |||||||| |||| 00| 0 eng d</controlfield>
  <datafield tag="020" ind1=" " ind2=" ">
    <subfield code="a">9789550249039</subfield>
  </datafield>
  <datafield tag="040" ind1=" " ind2=" ">
    <subfield code="a">LK-CoMWRAF</subfield>
    <subfield code="d">LK-CoMWRAF</subfield>
    <subfield code="e">LK-CoMWRAF</subfield>
  </datafield>
  <datafield tag="041" ind1=" " ind2=" ">
    <subfield code="a">sin</subfield>
  </datafield>
  <datafield tag="082" ind1=" " ind2=" ">
    <subfield code="a">344</subfield>
    <subfield code="b">KAN</subfield>
  </datafield>
  <datafield tag="245" ind1=" " ind2=" ">
    <subfield code="a">&#xD9A;&#xDCF;&#xDB1;&#xDCA;&#xDAD;&#xDCF;&#xDC0;, &#xDC3;&#xDCF;&#xDB8;&#xDBA; &#xDC4;&#xDCF;  &#xD86;&#xDBB;&#xD9A;&#xDCA;&#xDC2;&#xDCF;&#xDC0; &#xDB4;&#xDD2;&#xDC5;&#xDD2;&#xDB6;&#xDB3; &#xD91;&#xD9A;&#xDCA;&#xDC3;&#xDAD;&#xDCA; &#xDA2;&#xDCF;&#xDAD;&#xDD3;&#xDB1;&#xD9C;&#xDDA; &#xD86;&#xDBB;&#xD9A;&#xDCA;&#xDC2;&#xD9A; &#xDB8;&#xDAB;&#xDCA;&#xDA9;&#xDBD;&#xDBA;&#xDDA; &#xDAF;&#xDC4;&#xDAD;&#xDD4;&#xDB1;&#xDBA;&#xDD2; &#xDC0;&#xDD2;&#xDC3;&#xDD2;&#xDB4;&#xDC4; &#xDBA;&#xDDD;&#xDA2;&#xDB1;&#xDCF;&#xDC0;</subfield>
  </datafield>
  <datafield tag="246" ind1=" " ind2=" ">
    <subfield code="a">Kanthawa, samaya ha arakshawa pilibanda eksath jatheenge arakakshaka mandalaye dahathunai wisipaha yoojanawa </subfield>
  </datafield>
  <datafield tag="260" ind1=" " ind2=" ">
    <subfield code="a">&#xDB1;&#xDD4;&#xD9C;&#xDDA;&#xD9C;&#xDDC;&#xDA9; :</subfield>
    <subfield code="b">&#xDC5;&#xDB8;&#xDCF; &#xDC3;&#xD82;&#xDC0;&#xDBB;&#xDCA; &#xDB0;&#xDB1; &#xDC4;&#xDCF; &#xD9A;&#xDCF;&#xDB1;&#xDCA;&#xDAD;&#xDCF; &#xD9A;&#xDA7;&#xDBA;&#xDD4;&#xDAD;&#xDD4; &#xD85;&#xDB8;&#xDCF;&#xDAD;&#xDCA;&#x200D;&#xDBA;&#xDCF;&#xD82;&#xDC1;&#xDBA;</subfield>
  </datafield>
  <datafield tag="942" ind1=" " ind2=" ">
    <subfield code="c">BK</subfield>
  </datafield>
  <datafield tag="952" ind1=" " ind2=" ">
    <subfield code="0">0</subfield>
    <subfield code="1">0</subfield>
    <subfield code="4">0</subfield>
    <subfield code="7">0</subfield>
    <subfield code="a">MAIN</subfield>
    <subfield code="b">MAIN</subfield>
    <subfield code="d">2023-12-15</subfield>
    <subfield code="l">0</subfield>
    <subfield code="o">344 KAN</subfield>
    <subfield code="p">RAF4882</subfield>
    <subfield code="r">2023-12-15</subfield>
    <subfield code="w">2023-12-15</subfield>
    <subfield code="y">BK</subfield>
  </datafield>
  <datafield tag="952" ind1=" " ind2=" ">
    <subfield code="0">0</subfield>
    <subfield code="1">0</subfield>
    <subfield code="4">0</subfield>
    <subfield code="7">0</subfield>
    <subfield code="a">MAIN</subfield>
    <subfield code="b">MAIN</subfield>
    <subfield code="d">2023-12-15</subfield>
    <subfield code="l">0</subfield>
    <subfield code="o">344 KAN</subfield>
    <subfield code="p">RAF4883</subfield>
    <subfield code="r">2023-12-15</subfield>
    <subfield code="w">2023-12-15</subfield>
    <subfield code="y">BK</subfield>
  </datafield>
  <datafield tag="952" ind1=" " ind2=" ">
    <subfield code="0">0</subfield>
    <subfield code="1">0</subfield>
    <subfield code="4">0</subfield>
    <subfield code="7">0</subfield>
    <subfield code="a">MAIN</subfield>
    <subfield code="b">MAIN</subfield>
    <subfield code="d">2023-12-15</subfield>
    <subfield code="l">0</subfield>
    <subfield code="o">344 KAN</subfield>
    <subfield code="p">RAF4884</subfield>
    <subfield code="r">2023-12-15</subfield>
    <subfield code="w">2023-12-15</subfield>
    <subfield code="y">BK</subfield>
  </datafield>
  <datafield tag="999" ind1=" " ind2=" ">
    <subfield code="c">4490</subfield>
    <subfield code="d">4490</subfield>
  </datafield>
</record>
